000 00257nam a2200097Ia 4500
008 191206s9999 xx 000 0 und d
090 _aDT856.A47
245 0 _aHandbook of the federation of Nyasaland and Rhodesia
260 _aCassell company
260 _cc1960
999 _c16118
_d16118